[Event "Sampa Chess Open 2024"]
[Site "Sao Paulo"]
[Date "2024.01.31"]
[Round "4.27"]
[White "Sulz, Isaque Sathler"]
[Black "Gazineu Neto, Rubens"]
[Result "0-1"]
[WhiteElo "1516"]
[BlackElo "1912"]
[PlyCount "142"]
[EventDate "2024.01.29"]
[EventRounds "9"]
[EventCountry "BRA"]

1. e4 c5 2. d4 cxd4 3. c3 d3 4. Bxd3 Nc6 5. Nf3 d6 6. Bc4 e6 7. O-O Be7 8. Qe2
Qc7 9. Bf4 e5 10. Bg5 $146 ({RR} 10. Ng5 Bxg5 11. Bxg5 h6 12. Be3 Nf6 13. Nd2
Bg4 14. f3 Bh5 15. Qf2 O-O 16. Qg3 Kh7 17. Qh4 g5 18. Qh3 Kg7 19. Qg3 Bg6 20.
h4 gxh4 21. Qxh4 Ng8 22. Kf2 Qe7 23. Qh3 Rfd8 24. Rh1 Kf8 {Riemer Nlula,M 
(1825)-Kindt,U (1752) Germany 2017 1/2-1/2 (41)}) 10... Nf6 11. Na3 a6 12. Rad1
O-O 13. Nc2 Na5 14. Bd3 Be6 15. Nh4 h6 16. Bxf6 Bxf6 17. Nf5 Bxf5 18. exf5 Nc6
19. f4 Qb6+ 20. Kh1 Qxb2 21. Qg4 Qxc3 22. Rf3 Qb2 23. Ne3 Ne7 24. Qh5 Kh7 25.
Ng4 Ng8 26. Bc4 Qc2 27. Bb3 Qc7 28. fxe5 dxe5 29. Ne3 e4 30. Nd5 Qe5 31. Rc3
Be7 32. Rc7 b5 33. Rc6 a5 34. Nb6 Nf6 35. Rxf6 Bxf6 36. Nxa8 Rxa8 37. Bxf7 e3
38. Bg6+ Kh8 39. Qf3 Rb8 40. Re1 Bg5 41. g3 Qc3 42. Re2 Qa1+ 43. Kg2 b4 44. h4
Be7 45. Qxe3 Bf8 46. Qa7 Qd1 47. Kf2 Rc8 48. f6 Qd6 49. fxg7+ Bxg7 50. Qxa5
Qxg6 51. Qxb4 Qf5+ 52. Kg2 Rf8 53. Qf4 Qxf4 54. gxf4 Rxf4 55. Re8+ Kh7 56. Kg3
Ra4 57. Re2 Kg6 58. Kf3 Rxh4 59. Re6+ Kf5 60. Ra6 Be5 61. Ra8 Rh3+ 62. Kg2 Rc3
63. a4 Rc2+ 64. Kf3 Rc3+ 65. Kg2 Kg4 66. Rg8+ Kh4 67. a5 Ra3 68. Ra8 h5 69. a6
Bd4 70. Kh2 Ra2+ 71. Kh1 Kh3 0-1

[Event "Sampa Chess Open 2024"]
[Site "Sao Paulo"]
[Date "2024.01.31"]
[Round "4.28"]
[White "Nicacio, Daniel Ramos"]
[Black "Hirota Da Silva, Nilton"]
[Result "0-1"]
[WhiteElo "1479"]
[BlackElo "1827"]
[PlyCount "94"]
[EventDate "2024.01.29"]
[EventRounds "9"]
[EventCountry "BRA"]

1. e4 c6 2. d3 d5 3. Nd2 dxe4 4. dxe4 e5 5. g3 Nf6 6. Bg2 Bc5 7. Ngf3 O-O 8.
O-O Re8 9. Re1 $146 ({RR} 9. h3 Nbd7 10. b3 Nf8 11. Bb2 Ng6 12. Re1 Qc7 13. a4
Be6 14. Bc3 Rad8 15. b4 Bf8 16. Qc1 Bc8 17. Nc4 Nd7 18. Qb2 f6 19. a5 Nb8 20.
Ne3 Be6 21. h4 Qf7 22. Bf1 Ne7 23. Bxe5 Qg6 {Boado Rodriguez,M (2121)-Plotkin,
V (2291) Gibraltar 2016 0-1 (57)}) ({RR} 9. Nb3 Qxd1 10. Rxd1 Bb6 11. Nbd2 Na6
12. Nc4 Bc7 13. a4 Bg4 14. Re1 Nb4 15. Ne3 Rad8 16. Nd2 Be6 17. Ndf1 a5 18. Bd2
Bb6 19. Rac1 Ng4 20. Nxg4 Bxg4 21. Be3 Bxe3 22. Nxe3 Be6 23. Bf1 Rd2 {
Azmaiparashvili,Z (2625)-Vaganian,R (2645) Moscow 1994 1/2-1/2 (65)}) ({RR} 9.
Qe2 Bg4 10. h3 Bxf3 11. Nxf3 Nbd7 12. Bg5 h6 13. Bd2 Bf8 14. Rad1 Qc7 15. Nh2
Nc5 16. Ng4 Nxg4 17. Qxg4 Qc8 18. Qxc8 Raxc8 19. b3 Na6 20. Bc3 Nb4 21. Rd7
Nxa2 22. Bb2 Nb4 23. Ra1 Rcd8 {Dizdarevic,E (2415)-Nikolic,P (2485) Sarajevo
1982 0-1}) ({RR} 9. Qe2 Bg4 10. Nb3 Bb6 11. Bg5 Nbd7 12. Rad1 Qe7 13. h3 Bh5
14. g4 Bg6 15. Nh4 Rad8 16. Nf5 Bxf5 17. gxf5 Nc5 18. Nxc5 Bxc5 19. c3 Rxd1 20.
Rxd1 Rd8 21. Bf3 Rd6 22. Rxd6 Qxd6 23. Qd2 Nd7 {Bengtsson,O-Riis,J Vaxjo 1992
1/2-1/2}) 9... Nbd7 10. Nc4 Qc7 11. h3 b5 12. Ncd2 Nf8 13. Nf1 Qb6 14. Be3 Bb7
15. Bxc5 Qxc5 16. c3 Rad8 17. Qc2 Ng6 18. Re3 Bc8 19. Qe2 Be6 20. b3 h6 21.
N1h2 Qd6 22. Re1 Qd7 23. Qf1 a5 24. Nxe5 Nxe5 25. f4 Nc4 26. bxc4 Bxc4 27. Qf2
Qd2 28. Nf1 Qxf2+ 29. Kxf2 Bxf1 30. Kxf1 Rd2 31. R1e2 Red8 32. e5 Nd5 33. Bxd5
R8xd5 34. Ke1 Rd1+ 35. Kf2 Rc5 36. Rc2 b4 37. Ke2 Rg1 38. Kf2 Ra1 39. c4 Rh1
40. Kg2 Rd1 41. Re4 Rb1 42. Re3 a4 43. f5 b3 44. e6 bxc2 45. e7 c1=Q 46. e8=Q+
Kh7 47. f6 Qf1+ 0-1

[Event "Sampa Chess Open 2024"]
[Site "Sao Paulo"]
[Date "2024.01.31"]
[Round "4.29"]
[White "De Paula, Luan Araujo"]
[Black "Brujin, Homero"]
[Result "1-0"]
[WhiteElo "1863"]
[BlackElo "1479"]
[PlyCount "83"]
[EventDate "2024.01.29"]
[EventRounds "9"]
[EventCountry "BRA"]

1. e4 c5 2. Nf3 e6 3. d4 cxd4 4. Nxd4 d6 5. c4 Nf6 6. Nc3 Be7 7. Be2 a6 8. Be3
O-O 9. O-O Bd7 10. Qd2 Nc6 11. Rac1 Rc8 12. Rfd1 Qc7 13. f3 Qb8 14. a4 Ne5 15.
b3 Ng6 $146 ({RR} 15... Bd8 16. Nc2 Bc7 17. Kh1 Ng6 18. Bg1 Rfd8 19. Ne3 Nf4
20. Bf1 Bc6 21. Ned5 Bxd5 22. cxd5 e5 23. g3 Ng6 24. Bh3 Nd7 25. b4 b6 26. Ne2
Qb7 27. Rc6 Ne7 28. Rdc1 Bb8 29. b5 axb5 30. axb5 {Lintchevski,D (2502)
-Ganichev,A (2148) Kirishi 2008 1-0 (36)}) 16. a5 Bd8 17. Na4 Bxa4 18. bxa4 Bc7
19. Bd3 Ne5 20. Bf1 Nfd7 21. h3 Nc5 22. Qb4 Qa8 23. Nb3 Nc6 24. Qa3 Nxb3 25.
Qxb3 Nxa5 26. Qb2 Nc6 27. f4 e5 28. f5 f6 29. c5 Rfd8 30. Qb3+ Kh8 31. Qf7 Rf8
32. Qh5 Rcd8 33. Bc4 Na5 34. Bf7 Rd7 35. cxd6 Rfxf7 36. dxc7 Rxc7 37. Rxc7 Rxc7
38. Bb6 Rc8 39. Bxa5 Qa7+ 40. Kh1 Qc5 41. Bd8 b5 42. Qe8+ 1-0

[Event "Sampa Chess Open 2024"]
[Site "Sao Paulo"]
[Date "2024.01.31"]
[Round "4.30"]
[White "Regiani, Rafael"]
[Black "Branquinho, Eduardo De Medeiros"]
[Result "0-1"]
[WhiteElo "1476"]
[BlackElo "1815"]
[PlyCount "128"]
[EventDate "2024.01.29"]
[EventRounds "9"]
[EventCountry "BRA"]

1. e4 c5 2. Nf3 d6 3. Nc3 g6 4. d4 cxd4 5. Nxd4 Bg7 6. Bb5+ ({RR} 6. Be3 a6 7.
Qd2 Nd7 8. Bc4 Ne5 9. Bb3 Ng4 10. Bg5 h6 11. Bh4 N8f6 12. O-O-O Ne5 13. f4 Nc6
14. Nxc6 bxc6 15. e5 Nd5 16. Bxd5 cxd5 17. Nxd5 f6 18. exf6 exf6 19. Rhe1+ Kf8
20. Ne7 Bf5 {Van den Doel,E (2547)-Esgalhado,M Lisbon 2000 1-0}) ({RR} 6. Be3
a6 7. a4 Nc6 8. Bc4 Ne5 9. Ba2 Ng4 10. Bg5 Qb6 11. Nce2 e5 12. f3 exd4 13. fxg4
Bxg4 14. O-O d3+ 15. Kh1 dxe2 16. Qd2 exf1=Q+ 17. Rxf1 Be6 18. Bxe6 fxe6 19.
Qf4 Nf6 20. Bxf6 O-O {Sveinbjornsson,G (1037)-Ragnarsson,H (1619) Reykjavik
ISL 2021 0-1}) 6... Bd7 7. Be3 Nf6 8. Qd2 $146 ({RR} 8. Nd5 Nxe4 9. Bxd7+ Nxd7
10. Nb5 Qa5+ 11. c3 O-O 12. Nxe7+ Kh8 13. Nxd6 Nxd6 14. Qxd6 Rad8 15. Bd4 Nf6
16. Qxf6 Rxd4 17. Qf3 Qe5+ 18. Kf1 Re4 19. g3 Qxe7 20. Kg2 Re8 21. Rad1 Qf6 22.
Qd3 Qc6 {Fesl,J (1090)-Bayer,M (1672) Mimberg 2002 0-1 (33)}) 8... Ng4 9. O-O
Nxe3 10. Qxe3 Nc6 11. Nxc6 bxc6 12. Bc4 O-O 13. f4 Qc7 14. f5 gxf5 15. exf5 d5
16. f6 Bxf6 17. Rxf6 exf6 18. Bd3 Qb6 19. Qxb6 axb6 20. Rf1 f5 21. a3 Rfe8 22.
Ne2 Re5 23. Ng3 Ra7 24. Nh5 c5 25. Nf6+ Kg7 26. Nh5+ Kg6 27. Nf4+ Kf6 28. Nh5+
Kg5 29. Nf4 c4 30. Be2 Ba4 31. Bd1 Rae7 32. g3 Re1 33. h4+ Kh6 34. Nxd5 Rxf1+
35. Kxf1 Re6 36. Nc3 Bc6 37. Be2 b5 38. Kf2 Kg7 39. b3 cxb3 40. cxb3 Re5 41. a4
bxa4 42. bxa4 Rc5 43. Nb5 Bxb5 44. Bxb5 Rc3 45. a5 Rc5 46. Bd7 Rxa5 47. Kf3 Kf6
48. Kf4 Rd5 49. Bc6 Rd4+ 50. Kf3 Ke5 51. Be8 f6 52. Bf7 h6 53. h5 Ra4 54. Be8
Ra3+ 55. Kf2 f4 56. gxf4+ Kxf4 57. Bf7 Rc3 58. Ke2 f5 59. Kf2 Rc2+ 60. Kf1 Rb2
61. Kg1 Kg3 62. Kf1 f4 63. Bg6 f3 64. Bd3 Rd2 0-1

[Event "Sampa Chess Open 2024"]
[Site "Sao Paulo"]
[Date "2024.01.31"]
[Round "4.31"]
[White "Jenidarchiche, Douglas Rodrigo"]
[Black "Ruvieri, Daniel Minami"]
[Result "1-0"]
[WhiteElo "1845"]
[BlackElo "1437"]
[PlyCount "39"]
[EventDate "2024.01.29"]
[EventRounds "9"]
[EventCountry "BRA"]

1. e4 e5 2. Nf3 d6 3. Nc3 Nf6 4. d4 Nbd7 5. Bc4 Be7 6. h3 O-O 7. Be3 c6 8. a4 (
{RR} 8. O-O b5 9. Bd3 a6 10. dxe5 dxe5 11. Ne2 c5 12. c3 c4 13. Bc2 Bb7 14. Ng3
Qc7 15. Nh2 Nc5 16. Bxc5 Qxc5 17. Ng4 Rad8 18. Nxf6+ Bxf6 19. Qe2 g6 20. Rfd1
Rxd1+ 21. Rxd1 Rd8 22. Nf1 Rxd1 {Cao,S (2545)-Varga,Z (2592) Budapest 2004 1/
2-1/2 (71)}) 8... a5 ({RR} 8... Qa5 9. O-O Qb4 10. Bb3 exd4 11. Nxd4 Nc5 12.
Qf3 a5 13. Rfe1 Nxb3 14. Nxb3 Be6 15. Nd4 Nd7 16. Nxe6 fxe6 17. Qg4 Rf6 18.
Rad1 Ne5 19. Qe2 Raf8 20. Bd4 Bd8 21. Rf1 Bb6 22. Na2 Qxd4 23. Rxd4 {Diaz
Castro,I (2234)-Garrido Outon,A (2231) Linares ESP 2019 1-0 (39)}) 9. Bb3 Qc7
10. Qd2 $146 ({RR} 10. Qe2 h6 11. O-O-O b5 12. axb5 a4 13. Bc4 a3 14. d5 Qa5
15. Qd3 axb2+ 16. Kd2 cxd5 17. Bxd5 Nxd5 18. Qxd5 Nf6 19. Qd3 d5 20. Nxe5 Nxe4+
21. Ke1 Qxc3+ 22. Bd2 Qxe5 {0-1 (22) Wozniak,M (1966)-Beinenson,K (1946)
Prague 2012}) 10... b6 11. Rd1 Ba6 12. d5 c5 13. Bg5 Rfe8 14. Qe3 Rac8 15. Nd2
Nh5 16. Bc4 Bxc4 17. Nxc4 Bxg5 18. Qxg5 Nhf6 19. Nb5 Nxe4 20. Qf5 1-0

[Event "Sampa Chess Open 2024"]
[Site "Sao Paulo"]
[Date "2024.01.31"]
[Round "4.32"]
[White "Barroso, Daniele Silva"]
[Black "Van Riemsdijk, Dirk D."]
[Result "1-0"]
[WhiteElo "1349"]
[BlackElo "1789"]
[PlyCount "84"]
[EventDate "2024.01.29"]
[EventRounds "9"]
[EventCountry "BRA"]

1. c4 f5 2. d4 g6 3. Nc3 Bg7 4. e4 d6 5. g3 ({RR} 5. f3 Nh6 6. Be2 O-O 7. Be3
f4 8. Bf2 Nc6 9. Qd2 a6 10. Bd1 e5 11. d5 Na5 12. Be2 c5 13. Rb1 Bd7 14. b4
cxb4 15. Rxb4 b5 16. cxb5 axb5 17. Nxb5 Nf7 18. Nc3 Bf6 19. h4 Qe7 {Suba,M 
(2520)-Ribeiro,F (2220) Oviedo 1992 0-1 (42)}) ({RR} 5. Be3 Nc6 6. d5 Ne5 7. h3
c5 8. Qd2 Nf6 9. f4 Nf7 10. exf5 Bxf5 11. Bd3 e6 12. dxe6 Bxe6 13. Nf3 a6 14.
O-O Qd7 15. Rae1 O-O-O 16. Ng5 Bf5 17. Bxf5 gxf5 18. Nxf7 Qxf7 19. Qd3 Qg6 {
Friberg,H (2129)-Kjellqvist,F (1778) Lidkoping SWE 2019 1-0 (45)}) 5... Nc6 6.
Nf3 $146 ({RR} 6. Be3 e5 7. d5 Nce7 8. f3 Nf6 9. Bh3 O-O 10. Qd2 c6 11. dxc6
bxc6 12. Rd1 fxe4 13. Nxe4 d5 14. Nc5 Nf5 15. Bxf5 Bxf5 16. h3 dxc4 17. Qc3 Bd3
18. Nxd3 cxd3 19. Rxd3 Qe8 20. Bc5 Rf7 {Spencer,E-Campbell,E (2085) Glenrothes
1995 0-1 (37)}) ({RR} 6. Nge2 e5 7. Be3 Nf6 8. Bg2 Ng4 9. O-O Nxe3 10. fxe3 O-O
11. d5 Ne7 12. exf5 Nxf5 13. Qd3 Bh6 14. Rf3 Bd7 15. e4 Ng7 16. Rxf8+ Qxf8 17.
Rf1 Qe7 18. b4 Nh5 19. a4 a5 20. b5 b6 {Pavic,J (2020)-Cosic,R (2195) Velika
Gorica 2004 0-1 (46)}) ({RR} 6. Nge2 fxe4 7. Nxe4 Bg4 8. d5 Bf3 9. Nf4 Bxh1 10.
Ne6 Ne5 11. f4 Nf3+ 12. Kf2 Nf6 13. Bh3 Qb8 14. Nxg7+ Kf7 15. Ne6 Nxe4+ 16. Ke3
b5 17. Qxh1 Qb6+ 18. Kxe4 Qf2 19. Qxf3 {1-0 (19) Lukacovic,M (1968)-Fekete,R 
(1896) Slovakia 2017}) 6... Nf6 7. d5 fxe4 8. dxc6 exf3 9. Qxf3 Rb8 10. Qe3
bxc6 11. Qxa7 Be6 12. Qa4 Bd7 13. Bg2 c5 14. Bc6 Rb4 15. Bxd7+ Nxd7 16. Qc6 O-O
17. a3 Rb6 18. Qd5+ Kh8 19. O-O Ne5 20. f4 Ng4 21. Qe6 Bd4+ 22. Kg2 Qa8+ 23.
Qd5 Rxb2+ 24. Kh3 Nf6 25. Qxa8 Rxa8 26. Bxb2 h5 27. Nd1 Rb8 28. Bxd4 cxd4 29.
Rf2 Ne4 30. Re2 Nf6 31. Nf2 Rb3 32. Rd1 c5 33. Kh4 Rxa3 34. Rxe7 Ra2 35. Kg5
Ng8 36. Re6 Rxf2 37. Rxg6 Rxh2 38. Rxd6 Rg2 39. Rd3 h4 40. Kxh4 Kg7 41. Kg5 Ne7
42. f5 Rf2 1-0

[Event "Sampa Chess Open 2024"]
[Site "Sao Paulo"]
[Date "2024.01.31"]
[Round "4.33"]
[White "Cardoso, Maria Paula Da Silv"]
[Black "Kassab, Alexandre T Canelas"]
[Result "1-0"]
[WhiteElo "1780"]
[BlackElo "1800"]
[PlyCount "55"]
[EventDate "2024.01.29"]
[EventRounds "9"]
[EventCountry "BRA"]

1. e4 e5 2. Nf3 Nc6 3. Bc4 Bc5 4. c3 Qe7 5. d3 Nf6 6. Nbd2 ({RR} 6. a4 a6 7.
Nbd2 Ba7 8. Nf1 d6 9. Be3 Be6 10. Bxa7 Rxa7 11. Bxe6 fxe6 12. Ne3 O-O 13. O-O
Raa8 14. Re1 Nh5 15. d4 Nf4 16. d5 exd5 17. Nxd5 Qf7 18. Nxf4 Qxf4 19. Qd2 Qg4
20. Re3 Ne7 {Magallanes,R (2036)-Ashiev,E (2202) chess.com INT 2021 1-0 (36)})
6... d6 ({RR} 6... a6 7. Bb3 d6 8. Nc4 O-O 9. O-O Ba7 10. Re1 Be6 11. Be3 b5
12. Ncd2 Bxe3 13. Rxe3 Na5 14. Bxe6 Qxe6 15. d4 Nc4 16. Nxc4 Qxc4 17. Nd2 Qe6
18. d5 Qd7 19. Qf3 c6 20. dxc6 Qxc6 21. Rd1 {Bastian,H (2375)-Hecht,H (2450)
Germany 1983 1/2-1/2 (54)}) 7. a4 $146 ({RR} 7. h3 h6 8. b4 Bb6 9. a4 a6 10.
Bb3 Be6 11. Nc4 Ba7 12. Ne3 Nh5 13. O-O Bxb3 14. Qxb3 Qe6 15. Nd5 Rc8 16. b5
Nd8 17. Rb1 g5 18. Nxc7+ Rxc7 19. Qxe6+ fxe6 20. b6 Bxb6 21. Rxb6 Nc6 {Kinsiz,
O (2224)-Yagiz,Y (2264) Denizli 2013 1-0 (31)}) ({RR} 7. Nf1 Be6 8. Bb3 h6 9.
Ng3 Bb6 10. Bc2 O-O 11. O-O Bg4 12. h3 Bh5 13. Be3 Rfe8 14. Nf5 Qd7 15. a4 a6
16. Qd2 Rad8 17. Kh1 d5 18. exd5 Nxd5 19. g4 Bg6 20. N3h4 Bxf5 21. Nxf5 Kh7 {
Broly,M (1681)-Kalbani,W Kemer 2009 1-0}) ({RR} 7. Nf1 O-O 8. Ng3 Bb6 9. Bb3 h6
10. O-O Be6 11. h3 d5 12. Qe2 dxe4 13. dxe4 Rad8 14. Nh4 Qd7 15. Bc2 Ne7 16.
Qf3 c6 17. Bxh6 gxh6 18. Qxf6 Kh7 19. Nh5 Rg8 20. Qxe5 Bc7 21. Nf6+ Kh8 {
Hojjatova,A-Tandogan,B Vung Tau 2008 1-0 (46)}) 7... a5 8. Nf1 Be6 9. Bb3 O-O
10. Ng3 d5 11. O-O Rad8 12. Bg5 h6 13. Bh4 g6 14. d4 exd4 15. e5 Nxe5 16. Nxe5
g5 17. Bxg5 hxg5 18. cxd4 Bb6 19. Qd3 Kg7 20. Rae1 Rh8 21. Bc2 Ne4 22. Rd1 Rh4
23. Nf3 Rdh8 24. Nxh4 Rxh4 25. Qf3 Qd6 26. Bxe4 dxe4 27. Qc3 Bd5 28. Nf5+ 1-0

[Event "Sampa Chess Open 2024"]
[Site "Sao Paulo"]
[Date "2024.01.31"]
[Round "4.34"]
[White "Saito, Vinicius"]
[Black "Bonilla Viamonte, Diego Armando"]
[Result "1-0"]
[WhiteElo "2147"]
[BlackElo "1620"]
[PlyCount "42"]
[EventDate "2024.01.29"]
[EventRounds "9"]
[EventCountry "BRA"]

1. e4 c6 2. d4 d5 3. e5 c5 4. dxc5 Nc6 5. Nf3 Bf5 ({RR} 5... e6 6. a3 Bxc5 7.
b4 Bb6 8. Bb2 Nh6 9. Bd3 Bd7 10. O-O O-O 11. Nbd2 a5 12. b5 Ne7 13. a4 Ng6 14.
g3 Rc8 15. Qe2 Bc5 16. Nb3 Bb4 17. Rad1 Qe7 18. Nfd4 f6 19. Nf3 f5 20. Bc1 {
Zhigalko,S (2656)-Agrest,E (2599) Jurmala 2013 1-0 (75)}) 6. c3 e6 ({RR} 6...
a5 7. Bb5 e6 8. Be3 f6 9. O-O Nge7 10. Re1 Ng6 11. exf6 Qxf6 12. Bg5 Qf7 13.
Qxd5 Rc8 14. Nbd2 Be7 15. Qc4 O-O 16. Qe2 Bxc5 17. Be3 Bd6 18. Nc4 Bb8 19. Bxc6
bxc6 20. Nd4 Qc7 21. g3 {Fabris,A (2230)-Krutko,A (2397) chess.com INT 2021
0-1 (59)}) 7. Be3 Qc7 $146 ({RR} 7... Bg4 8. Bb5 Nge7 9. Nbd2 Ng6 10. Qa4 Bxf3
11. Bxc6+ bxc6 12. Qxc6+ Ke7 13. Nxf3 Rc8 14. Qd6+ Ke8 15. Qxd8+ Kxd8 16. b4
Be7 17. h4 f6 18. exf6 gxf6 19. Nd4 Kd7 20. c6+ Kd6 21. Nb5+ Ke5 22. Nxa7 {
Fischer,L (1663)-Muthig,H (1512) Frankfurt 2015 1-0}) 8. Bd4 Nge7 9. Bb5 Bg4
10. Nbd2 O-O-O 11. Qa4 Kb8 12. b4 Nxd4 13. cxd4 f6 14. O-O h6 15. Bd3 Bxf3 16.
Nxf3 f5 17. b5 Nc8 18. Rfc1 g5 19. Rab1 Rh7 20. b6 Qe7 21. bxa7+ Ka8 1-0

[Event "Sampa Chess Open 2024"]
[Site "Sao Paulo"]
[Date "2024.01.31"]
[Round "4.35"]
[White "Santiago, Mauro"]
[Black "Carvalho Jr, Celestino"]
[Result "0-1"]
[WhiteElo "1516"]
[BlackElo "1939"]
[PlyCount "116"]
[EventDate "2024.01.29"]
[EventRounds "9"]
[EventCountry "BRA"]

1. d4 Nf6 2. c4 g6 3. Nc3 Bg7 4. e4 d6 5. h3 O-O 6. Be2 c5 ({RR} 6... Nbd7 7.
Bg5 a6 8. Qd2 c5 9. d5 b5 10. cxb5 Qa5 11. b6 Qxb6 12. Nf3 a5 13. O-O Ba6 14.
Bxa6 Qxa6 15. Rfe1 Rfb8 16. e5 dxe5 17. Nxe5 Nxe5 18. Rxe5 Rb7 19. Rae1 Qd6 20.
a4 h6 21. Bxh6 {Paravyan,D (2629)-Glek,I (2444) Moscow RUS 2018 1-0}) ({RR} 
6... e5 7. d5 a5 8. g4 Nfd7 9. Nf3 h6 10. Be3 Na6 11. Nd2 Ndc5 12. h4 Bd7 13.
h5 g5 14. Bxc5 Nxc5 15. Nf1 c6 16. a4 Qb6 17. Rb1 Qb4 18. Ne3 Nxe4 19. Nc2 Nxc3
20. Nxb4 Nxd1 21. Nc2 {Titichoca Daza,D (2085)-Karttunen,M (2484) chess.com
INT 2021 0-1 (46)}) 7. d5 a6 $146 ({RR} 7... b5 8. cxb5 a6 9. bxa6 Qa5 10. Bd2
Bxa6 11. a3 Nbd7 12. Nf3 Rfb8 13. Rb1 Bxe2 14. Qxe2 Qa6 15. Qxa6 Rxa6 16. Kd1
e6 17. dxe6 fxe6 18. Kc2 d5 19. exd5 exd5 20. Rhe1 d4 21. Ne4 Nd5 22. Bc1 {
Hetenyi,G (2235)-Biro,A (2265) Hungary 1999 0-1}) ({RR} 7... b5 8. Nf3 b4 9.
Nb1 Nxe4 10. O-O a5 11. Qc2 Nf6 12. g4 h5 13. gxh5 Bf5 14. Bd3 Bxd3 15. Qxd3
Nxh5 16. Kh2 Nd7 17. Rg1 Ne5 18. Nxe5 Bxe5+ 19. Kh1 Kg7 20. Rg4 Rh8 21. f4 Qd7
22. fxe5 {Pochop,B-Schwetlick,T Mecklenburg VP 1993 0-1}) ({RR} 7... Qa5 8. Bd2
Qc7 9. Nf3 a6 10. O-O e6 11. Bg5 exd5 12. cxd5 b5 13. e5 dxe5 14. d6 Qd7 15.
Nxe5 Qf5 16. f4 Ne4 17. Nd5 Qe6 18. Nc7 Qf5 19. Bg4 Nc3 20. bxc3 Qe4 21. Bf3
Qe3+ 22. Kh1 {Tumasov,V-Vergara,J (2160) Dos Hermanas 2004 1-0 (32)}) 8. a4 e6
9. Nf3 exd5 10. cxd5 Re8 11. Nd2 b6 12. O-O Ra7 13. f3 Nh5 14. Nc4 Rb7 15. Qe1
f5 16. Bd3 f4 17. Ne2 b5 18. axb5 axb5 19. Na5 c4 20. Bc2 Rf7 21. Rb1 Nd7 22.
Nc6 Qb6+ 23. Kh1 Nc5 24. Qa5 Qxa5 25. Nxa5 Nd3 26. b3 Nxc1 27. Rfxc1 Ra7 28.
Nc6 Ra2 29. bxc4 bxc4 30. Nb4 Ra3 31. Kg1 Bd7 32. Nc6 Bf6 33. Bd1 c3 34. Rb3
Rxb3 35. Bxb3 Ng3 36. Nxg3 fxg3 37. Kf1 Rc8 38. f4 Kf8 39. e5 Bxc6 40. dxc6
dxe5 41. fxe5 Bxe5 42. Bd5 Ke7 43. Ke2 Kd6 44. Be4 Kc5 45. Rb1 Bf4 46. Rb7 Rxc6
47. Rxh7 Re6 48. Kf3 Rxe4 49. Kxe4 c2 50. Kxf4 c1=Q+ 51. Kxg3 Kd4 52. Rd7+ Ke4
53. Re7+ Kd3 54. Rd7+ Ke2 55. Re7+ Kf1 56. Rf7+ Kg1 57. Rh7 Qe3+ 58. Kg4 Kxg2
0-1

[Event "Sampa Chess Open 2024"]
[Site "Sao Paulo"]
[Date "2024.01.31"]
[Round "4.36"]
[White "Dionisio, Alex Monteiro"]
[Black "Cristino, Felipe Borges"]
[Result "0-1"]
[WhiteElo "1514"]
[BlackElo "1890"]
[PlyCount "118"]
[EventDate "2024.01.29"]
[EventRounds "9"]
[EventCountry "BRA"]

1. e4 c5 2. Nf3 Nc6 3. Bb5 d6 4. d4 cxd4 5. Qxd4 Bd7 6. Bxc6 Bxc6 7. c4 e6 8.
O-O Nf6 9. Nc3 Be7 10. Rd1 O-O 11. Bg5 ({RR} 11. b3 Qa5 12. Bb2 a6 13. Qd3 Rfd8
14. Nd4 Be8 15. a4 Rac8 16. Qg3 Qe5 17. f4 Qh5 18. Nd5 Nxd5 19. Nxe6 Qh6 20.
Nxg7 Qxf4 21. Rxd5 Qxg3 22. hxg3 Bc6 23. Rh5 Bxe4 24. Re1 d5 25. Nf5 Bc5+ {
Zhang,Z (2649)-Ghaem Maghami,E (2599) Beijing 2008 1/2-1/2 (34)}) 11... Rc8
$146 ({RR} 11... a6 12. Qd3 Qc7 13. Rac1 Rfd8 14. Nd5 exd5 15. cxd5 Qb6 16.
dxc6 bxc6 17. Nd4 c5 18. Nf5 Qb7 19. Qg3 Kf8 20. Qh4 Qxb2 21. Rb1 Qe5 22. Rb7
Re8 23. Bh6 Nxe4 24. Rxe7 Qxf5 25. Rxe8+ Rxe8 26. Be3 {Melendez Padilla,
I-Jimenez Acosta,J (2005) Bayamon 2013 0-1}) ({RR} 11... h6 12. Bh4 Qc7 13.
Rac1 Rad8 14. e5 dxe5 15. Qxe5 Qxe5 16. Nxe5 Rxd1+ 17. Rxd1 Rc8 18. Nxc6 Rxc6
19. b3 Ne4 20. Bxe7 Nxc3 21. Rd2 Rc7 22. Bb4 Ne4 23. Rd4 Nf6 24. f3 Rd7 25.
Rxd7 Nxd7 26. Kf2 {Goncharova,N (2249)-Sirotkina,E (1234) Sochi RUS 2018 1-0 
(52)}) ({RR} 11... h6 12. Bh4 Nxe4 13. Nxe4 Bxh4 14. Nxh4 Qxh4 15. Nxd6 Qxd4
16. Rxd4 e5 17. Rd2 a5 18. b3 f5 19. f3 Rad8 20. Re1 Rf6 21. c5 b6 22. Rxe5
bxc5 23. Ne4 Rxd2 24. Nxd2 Rd6 25. Nc4 Rd1+ 26. Kf2 {Reichstein,H (2188)
-Roetteler,M (2230) Germany 2002 1/2-1/2}) ({RR} 11... h6 12. Bh4 a6 13. Bg3
Qa5 14. Bxd6 Bxd6 15. Qxd6 Nxe4 16. Nxe4 Bxe4 17. Qf4 Bxf3 18. Qxf3 Qb4 19. b3
Rad8 20. a3 Qe7 21. b4 e5 22. Rxd8 Rxd8 23. Rd1 e4 24. Qe2 Rxd1+ 25. Qxd1 e3
26. Qe2 {Kadar,G (2280)-Loginov,V (2550) Hungary 1995 1/2-1/2 (34)}) 12. Rac1
h6 13. Bh4 Qa5 14. Ne1 Rfd8 15. Nc2 Qb6 16. Qxb6 axb6 17. f3 g5 18. Bf2 d5 19.
Bxb6 Rd7 20. cxd5 exd5 21. exd5 Nxd5 22. Nxd5 Rxd5 23. Ne3 Rb5 24. Nd5 Bf8 25.
b3 Kh7 26. Nf6+ Kg6 27. Bd4 Rd8 28. Ng4 Rbd5 29. Ne5+ Kh7 30. Nxf7 R8d7 31. Ne5
R7d6 32. Nf7 Rxd4 33. Nxd6 Rxd6 34. Rxd6 Bxd6 35. h3 Kg6 36. Rd1 Bc5+ 37. Kf1
h5 38. Ke2 h4 39. Kd3 Kf5 40. Kc4 Be3 41. a4 Kf4 42. Rd3 Bf2 43. Rd6 Kg3 44.
Rg6 Be3 45. Re6 Bf2 46. Rg6 Kxg2 47. Rxg5+ Kxf3 48. Rg4 Bg3 49. a5 Kg2 50. b4
Kxh3 51. Rg6 Kg2 52. a6 Be4 53. axb7 Bxb7 54. Rg7 Bf3 55. b5 h3 56. b6 h2 57.
Rh7 h1=Q 58. Rxh1 Kxh1 59. Kb5 Bb7 0-1

[Event "Sampa Chess Open 2024"]
[Site "Sao Paulo"]
[Date "2024.01.31"]
[Round "4.37"]
[White "Santos, Isaque Goncalves"]
[Black "Yokomizo, Wilton"]
[Result "1-0"]
[WhiteElo "1996"]
[BlackElo "1395"]
[PlyCount "69"]
[EventDate "2024.01.29"]
[EventRounds "9"]
[EventCountry "BRA"]

1. d4 f5 2. Qd3 g6 3. g4 d6 4. gxf5 Bxf5 5. e4 Be6 6. Qb5+ c6 $146 ({RR} 6...
Bd7 7. Qxb7 Nc6 8. c3 Rb8 9. Qa6 Rb6 10. Qd3 Bg7 11. Nf3 Nh6 12. d5 Na5 13. Ng5
O-O 14. Bh3 Ng4 15. Qg3 Nxf2 16. Qh4 h6 17. Be6+ Kh8 18. O-O Nd3 19. Rf7 Nxc1
20. Qxh6+ Bxh6 21. Rh7# {Cordeiro,M-Mello,W Sao Bento do Sul 1995 1-0}) 7. Qxb7
Nd7 8. Qxc6 Rc8 9. Qa4 Ngf6 10. d5 Bf7 11. Nf3 Bg7 12. Ng5 O-O 13. Bh3 Nb6 14.
Qb3 Rb8 15. Nxf7 Qc7 16. Qd3 Nh5 17. Nh6+ Kh8 18. c3 Nc4 19. Qc2 Bxh6 20. Bxh6
Rxb2 21. Qd3 Rfxf2 22. Qd4+ Nf6 23. Qxf2 Rxf2 24. Kxf2 Qb6+ 25. Ke2 Qb2+ 26.
Nd2 Nxe4 27. Rhf1 Nxc3+ 28. Kf2 Ne4+ 29. Kg1 Qd4+ 30. Kh1 Nf6 31. Nxc4 Qxd5+
32. Bg2 Qxc4 33. Rac1 Qxa2 34. Rc8+ Ng8 35. Rxg8+ 1-0

[Event "Sampa Chess Open 2024"]
[Site "Sao Paulo"]
[Date "2024.01.31"]
[Round "4.39"]
[White "Ikejiri, Daniel Yoshito"]
[Black "Damasio, Fabio Ferreira"]
[Result "1-0"]
[WhiteElo "1916"]
[BlackElo "1296"]
[PlyCount "80"]
[EventDate "2024.01.29"]
[EventRounds "9"]
[EventCountry "BRA"]

1. d4 Nf6 2. c4 e6 3. Nc3 Bb4 4. e3 O-O 5. Bd3 b6 6. Nge2 Bb7 7. O-O d5 8. a3
dxc4 ({RR} 8... Bd6 9. cxd5 exd5 10. b4 a6 11. Ng3 Re8 12. Qb3 Nbd7 13. a4 g6
14. Bd2 h5 15. h3 h4 16. Nge2 Ne4 17. Nxe4 dxe4 18. Bc4 Qe7 19. b5 Nf6 20. Rfc1
Nh7 21. a5 axb5 22. Bxb5 Reb8 23. a6 {Popilski,G (2464)-Pichot,A (2630) chess.
com INT 2021 0-1 (47)}) ({RR} 8... Bd6 9. cxd5 exd5 10. Nf4 a6 11. Qf3 g6 12.
b4 c6 13. e4 dxe4 14. Nxe4 Nxe4 15. Bxe4 Nd7 16. Bxc6 Bxc6 17. Qxc6 Nf6 18. Be3
Ng4 19. Qf3 Nxe3 20. fxe3 Rc8 21. Nd5 b5 22. e4 f5 23. e5 {Machidon,C (2288)
-Diaz Camallonga,C (2463) chess.com INT 2021 1-0}) 9. Bxc4 Bxc3 10. bxc3 Nbd7
11. Ba2 $146 ({RR} 11. f3 c5 12. e4 Qc7 13. Bd3 Rfd8 14. Qe1 cxd4 15. cxd4 Nc5
16. Bf4 Qc6 17. Bc2 Qb5 18. Nc3 Qc4 19. dxc5 Qxc5+ 20. Be3 Qc4 21. Rc1 Rac8 22.
e5 Qxc3 23. Bxh7+ Nxh7 24. Rxc3 {1-0 (24) Warner,D (2199)-Croes,O (2120) San
Felipe 1999}) 11... c5 12. Bb2 cxd4 13. exd4 b5 14. Qd3 a6 15. Ng3 Rc8 16. Rfe1
Nc5 17. Qe2 Na4 18. Rac1 Nxb2 19. Qxb2 Qd7 20. Bb1 Bd5 21. Qc2 g6 22. h4 h5 23.
Re5 Kg7 24. Qd2 Rh8 25. f4 Ng4 26. Rg5 f5 27. Bd3 Kf7 28. Nf1 Bc4 29. Bxc4 Rxc4
30. Ne3 Nxe3 31. Qxe3 Qd6 32. Re1 Rg8 33. Rg3 Ra4 34. Qf2 Rxa3 35. Rge3 Re8 36.
Qf3 b4 37. d5 Qc5 38. Kh2 Rxc3 39. dxe6+ Ke7 40. Qb7+ Kf8 1-0